Statistics for Countries Smaller Than Rhode Island

Click here to take the quiz!

General Stats

  • This quiz has been taken 50 times
    (45 since last reset)
  • The average score is 27 of 29

Answer Stats

Countries Smaller Than Rhode Island% Correct
San Marino
98%
Luxembourg
98%
Vatican City
98%
Andorra
98%
Tonga
98%
Palau
96%
Monaco
96%
Liechtenstein
96%
Antigua and Barbuda
96%
Seychelles
96%
Saint Kitts and Nevis
96%
Saint Vincent and the Grenadines
93%
Malta
93%
Saint Lucia
93%
Nauru
93%
Mauritius
91%
Comoros
91%
Tuvalu
91%
Samoa
91%
São Tomé and Príncipe
91%
Maldives
91%
Grenada
91%
Barbados
89%
Micronesia
89%
Kiribati
89%
Singapore
87%
Marshall Islands
87%
Dominica
87%
Bahrain
80%

Score Distribution

Percentile by Number Answered

Percent of People with Each Score

Your Score History

You have not taken this quiz since the last reset